[Event "30.Alpenpokal Obersdorf op"]
[Site "Tiefenbach (08.01.-18.01)"]
[Date "2004.??.??"]
[Round "5.15"]
[White "Borries, Barbara"]
[Black "Klempt, Guenter"]
[Result "1/2-1/2"]
[WhiteElo "1703"]
[BlackElo "1894"]
[PlyCount "50"]
[EventDate "2004.01.??"]
[Source "ChessOrg"]
[SourceDate "2005.04.24"]

1. e4 c5 2. c3 g6 3. d4 cxd4 4. cxd4 Bg7 5. Nc3 d6 6. Be3 Nf6 7. h3 O-O 8. Nf3
a6 9. Bd3 b5 10. a3 Bb7 11. O-O Nc6 12. Qd2 Na5 13. Qe2 Rc8 14. Rac1 Nc4 15.
Bxc4 Rxc4 16. Nd2 Rc8 17. Rfd1 Qc7 18. Nd5 Qxc1 19. Rxc1 Rxc1+ 20. Nf1 Rxf1+
21. Kxf1 Nxd5 22. exd5 Bxd5 23. Qd2 Rc8 24. Ke1 h5 25. Qa5 Ra8 1/2-1/2

[Event "30.Alpenpokal Obersdorf op"]
[Site "Tiefenbach (08.01.-18.01)"]
[Date "2004.??.??"]
[Round "5.16"]
[White "Aigner, Georg"]
[Black "Besler, Ralf"]
[Result "1/2-1/2"]
[WhiteElo "1816"]
[BlackElo "1808"]
[PlyCount "40"]
[EventDate "2004.01.??"]
[Source "ChessOrg"]
[SourceDate "2005.04.24"]

1. e4 e6 2. d4 d5 3. e5 c5 4. c3 Nc6 5. Nf3 Bd7 6. Nbd2 f6 7. Bd3 cxd4 8. cxd4
Qc7 9. Qe2 Nb4 10. O-O Nxd3 11. Qxd3 Ne7 12. Re1 Nc6 13. a3 Be7 14. Nf1 O-O 15.
Ng3 fxe5 16. dxe5 Be8 17. b4 a5 18. b5 Nd8 19. Be3 b6 20. Rac1 Bc5 {
und im 38.Zug} 1/2-1/2

[Event "30.Alpenpokal Obersdorf op"]
[Site "Tiefenbach (08.01.-18.01)"]
[Date "2004.??.??"]
[Round "5.18"]
[White "Poehler, Margit"]
[Black "Sakowski, Christian"]
[Result "1/2-1/2"]
[WhiteElo "1765"]
[BlackElo "1776"]
[PlyCount "84"]
[EventDate "2004.01.??"]
[Source "ChessOrg"]
[SourceDate "2005.04.24"]

1. d4 Nf6 2. c4 e6 3. Nc3 b6 4. e4 d6 5. Bg5 Be7 6. Nf3 Bb7 7. Bd3 Nbd7 8. O-O
e5 9. d5 O-O 10. Be3 Ng4 11. Bd2 Nc5 12. Bc2 a5 13. h3 Nf6 14. Nh4 Nxd5 15.
exd5 Bxh4 16. f4 Bf6 17. Qh5 g6 18. Qg4 Bc8 19. f5 Bg7 20. Qg3 Bd7 21. fxg6 f5
22. Bg5 Qe8 23. gxh7+ Kh8 24. Rae1 Qg6 25. Qh4 Qxh7 26. Qxh7+ Kxh7 27. g4 e4
28. gxf5 Bxc3 29. bxc3 Bxf5 30. h4 Rae8 31. Kh2 Bg6 32. Kg3 Nd3 33. Bxd3 exd3
34. Rxf8 Rxf8 35. Re7+ Rf7 36. Rxf7+ Bxf7 37. Kf3 (37. Kf2 b5 38. cxb5 Bxd5 39.
a4 Bb3 40. Ke3 Bxa4 41. c4) 37... b5 38. Ke3 d2 39. Kxd2 bxc4 40. Bd8 Bxd5 41.
Bxc7 a4 42. Bxd6 Be4 1/2-1/2

[Event "30.Alpenpokal Obersdorf op"]
[Site "Tiefenbach (08.01.-18.01)"]
[Date "2004.??.??"]
[Round "5.20"]
[White "Johne, Siegfried"]
[Black "Poell, Guenter"]
[Result "0-1"]
[WhiteElo "1828"]
[BlackElo "1765"]
[PlyCount "44"]
[EventDate "2004.01.??"]
[Source "ChessOrg"]
[SourceDate "2005.04.24"]

1. e4 e6 2. d4 d5 3. Nc3 Nf6 4. e5 Nfd7 5. f4 c5 6. Nf3 Nc6 7. Be3 cxd4 8. Bxd4
Bb4 9. a3 Nxd4 10. Nxd4 Bxc3+ 11. bxc3 a6 12. Bd3 Nc5 13. O-O g6 14. c4 O-O 15.
cxd5 Qxd5 16. Be2 Rd8 17. c3 Bd7 18. Qc2 Ba4 19. Qb2 Rab8 20. Nc2 Bxc2 21. Qxc2
Qd2 22. Rac1 Qe3+ 0-1

[Event "30.Alpenpokal Obersdorf op"]
[Site "Tiefenbach (08.01.-18.01)"]
[Date "2004.??.??"]
[Round "5.21"]
[White "Heissenbuettel, Hans-Erich"]
[Black "Schulz, Toni,Prof.Dr[48]"]
[Result "1/2-1/2"]
[WhiteElo "1900"]
[BlackElo "1854"]
[PlyCount "24"]
[EventDate "2004.01.??"]
[Source "ChessOrg"]
[SourceDate "2005.04.24"]

1. c4 e5 2. Nc3 d6 3. Nf3 Nf6 4. d4 exd4 5. Nxd4 g6 6. g3 Bg7 7. Bg2 O-O 8. O-O
Re8 9. h3 Nbd7 10. b3 Nc5 11. Bb2 c6 12. Re1 Nfe4 1/2-1/2

[Event "30.Alpenpokal Obersdorf op"]
[Site "Tiefenbach (08.01.-18.01)"]
[Date "2004.??.??"]
[Round "5.22"]
[White "Gerhards, Walter"]
[Black "Fischer, Paul[37Hiltrup]"]
[Result "1/2-1/2"]
[WhiteElo "1814"]
[BlackElo "1740"]
[PlyCount "87"]
[EventDate "2004.01.??"]
[Source "ChessOrg"]
[SourceDate "2005.04.24"]

1. e4 Nc6 2. d4 d5 3. exd5 Qxd5 4. Be3 e5 5. Nc3 Bb4 6. Nge2 Nf6 7. dxe5 Qxd1+
8. Rxd1 Nxe5 9. a3 Bxc3+ 10. Nxc3 a6 11. Be2 O-O 12. O-O Bf5 13. Nd5 Nxd5 14.
Rxd5 Rfe8 15. Bd4 Nc6 16. Bd1 Nxd4 (16... Be6 $5) 17. Rxd4 Rad8 18. Rxd8 Rxd8
19. Bf3 c6 20. Rd1 Rxd1+ 21. Bxd1 f6 22. f4 Kf7 23. Kf2 Ke6 24. Ke3 Kd5 25.
Bf3+ Kc5 26. Be4 g6 27. Bxf5 gxf5 28. Kd3 a5 29. b3 b5 30. c3 h5 31. Ke3 h4 32.
Kf3 b4 33. cxb4+ axb4 34. a4 Kd4 35. g4 fxg4+ 36. Kxg4 c5 37. Kf3 c4 38. Ke2
cxb3 (38... Kc3 $1 39. a5 (39. Kd1 Kxb3 40. a5 c3 41. a6 c2+ 42. Kc1 Kc3 43. a7
b3 44. a8=Q b2#) 39... cxb3 40. a6 b2 41. a7 b1=Q 42. a8=Q Qd3+ 43. Kf2 b3) 39.
Kd2 Kc5 40. Kc1 Kc6 ({ein Gewinn ist mit} 40... Kb6 41. Kb2 Ka6 42. Kb1 f5 43.
Kb2 Ka5 44. Kxb3 h3 {drin}) 41. Kb1 Kc5 42. Kc1 Kc6 43. Kb1 Kc5 44. Kc1 1/2-1/2

[Event "30.Alpenpokal Obersdorf op"]
[Site "Tiefenbach (08.01.-18.01)"]
[Date "2004.??.??"]
[Round "5.23"]
[White "Zuri, Rahim"]
[Black "Wahl, Hedi"]
[Result "1/2-1/2"]
[WhiteElo "1787"]
[BlackElo "1422"]
[PlyCount "28"]
[EventDate "2004.01.??"]
[Source "ChessOrg"]
[SourceDate "2005.04.24"]

1. e4 e6 2. Bc4 Be7 3. c3 d6 4. d4 Nf6 5. Bd3 b6 6. Ne2 Bb7 7. Ng3 Nbd7 8. O-O
e5 9. d5 a5 10. c4 O-O 11. Nc3 Bc8 12. Rb1 Nc5 13. Be3 Ng4 14. Bxc5 bxc5 {
und im 36,Zug} 1/2-1/2

[Event "30.Alpenpokal Obersdorf op"]
[Site "Tiefenbach (08.01.-18.01)"]
[Date "2004.??.??"]
[Round "5.24"]
[White "Josting, Friedel"]
[Black "Kycler, Jan"]
[Result "1/2-1/2"]
[WhiteElo "1845"]
[BlackElo "1762"]
[PlyCount "71"]
[EventDate "2004.01.??"]
[Source "ChessOrg"]
[SourceDate "2005.04.24"]

1. c4 Nf6 2. Nc3 g6 3. g3 Bg7 4. Bg2 c5 5. d3 O-O 6. e4 d6 7. Nge2 Nc6 8. Bg5
Ne8 9. Qd2 Nd4 10. Nxd4 cxd4 11. Ne2 f6 12. Bh6 Bxh6 13. Qxh6 Qa5+ 14. Qd2
Qxd2+ 15. Kxd2 e5 16. h4 h6 17. f4 Bg4 18. Raf1 Nc7 19. f5 Bxe2 20. Kxe2 g5 21.
hxg5 hxg5 22. Bf3 Kg7 23. Bh5 a5 24. Kd2 Na6 25. Rh2 Rh8 26. Rfh1 Nc5 27. Kc2
Rab8 28. b3 Rbd8 29. a3 Ra8 30. Bg6 Rxh2+ 31. Rxh2 Rh8 32. Rxh8 Kxh8 33. Be8
Na6 34. Bd7 b6 35. Bb5 Nc7 36. b4 1/2-1/2

[Event "30.Alpenpokal Obersdorf op"]
[Site "Tiefenbach (08.01.-18.01)"]
[Date "2004.??.??"]
[Round "5.25"]
[White "Winter, Rudolf[29GGerau]"]
[Black "Kelbratowski, Konrad"]
[Result "1-0"]
[WhiteElo "1687"]
[BlackElo "1863"]
[PlyCount "44"]
[EventDate "2004.01.??"]
[Source "ChessOrg"]
[SourceDate "2005.04.24"]

1. Nf3 d5 2. d4 Nf6 3. e3 e6 4. Bd3 c5 5. c3 Nbd7 6. Nbd2 Bd6 7. O-O O-O 8. Re1
Qc7 9. e4 cxd4 10. cxd4 dxe4 11. Nxe4 Nxe4 12. Rxe4 Nf6 13. Rh4 g6 14. Bg5 Ne8
15. Rc1 Qb6 16. Qd2 Ng7 17. Bf6 Ne8 18. Be5 f6 19. Bxf6 Nxf6 20. Qh6 Rf7 21.
Bxg6 Bf8 22. Bxf7+ Kxf7 1-0

[Event "30.Alpenpokal Obersdorf op"]
[Site "Tiefenbach (08.01.-18.01)"]
[Date "2004.??.??"]
[Round "5.26"]
[White "Kahler, Kurt"]
[Black "Blosze, Winfried"]
[Result "0-1"]
[WhiteElo "1712"]
[BlackElo "1730"]
[PlyCount "76"]
[EventDate "2004.01.??"]
[Source "ChessOrg"]
[SourceDate "2005.04.24"]

1. e4 e5 2. f4 exf4 3. Nf3 d5 4. exd5 Nf6 5. Bb5+ Bd7 6. Nc3 Bxb5 7. Nxb5 Nxd5
8. O-O a6 9. Re1+ Be7 10. Nbd4 O-O 11. c4 Nf6 12. Nf5 Bb4 13. a3 Bc5+ 14. d4
Ba7 15. Bxf4 Nbd7 16. Kh1 c6 17. Qd3 Nc5 18. Qc2 Ne6 19. Be5 Bb8 20. Rad1 Re8
21. Qc1 Bxe5 22. dxe5 Nd7 23. Nd6 Re7 24. Re4 Qc7 25. Nf5 Ree8 26. Nd6 Re7 27.
Nh4 Nec5 28. Rf4 Nxe5 29. Qc3 Ncd3 30. Nhf5 Nxf4 31. Nxe7+ Qxe7 32. Qe3 Nfg6
33. Nf5 Qc7 34. Qc3 f6 35. c5 Rd8 36. Qb3+ Kf8 37. Rd6 Nf7 38. Re6 Qf4 0-1

[Event "30.Alpenpokal Obersdorf op"]
[Site "Tiefenbach (08.01.-18.01)"]
[Date "2004.??.??"]
[Round "5.27"]
[White "Meyer, Thomas[52Tübing]"]
[Black "Boehm, Karl[33Vahr]"]
[Result "1/2-1/2"]
[WhiteElo "1598"]
[BlackElo "1595"]
[PlyCount "69"]
[EventDate "2004.01.??"]
[Source "ChessOrg"]
[SourceDate "2005.04.24"]

1. d4 d5 2. c4 e6 3. Nc3 Nf6 4. Bg5 h6 5. Bh4 Be7 6. e3 O-O 7. Nf3 b6 8. Bd3
Bb7 9. O-O Nbd7 10. Rc1 c5 11. cxd5 Nxd5 12. Bxe7 Qxe7 13. Bb1 cxd4 14. Nxd5
Bxd5 15. e4 Bb7 16. Rc7 Ba6 17. Re1 Rfc8 18. Rxc8+ Rxc8 19. Nxd4 Ne5 20. Qa4
Bd3 21. Qd1 Bxb1 22. Qxb1 Qc5 23. Nb3 Qc2 24. Nd4 Qxb1 25. Rxb1 Ng6 26. f3 a6
27. Kf1 Rd8 28. Ne2 Ne5 29. f4 Nc4 30. Ke1 Kf8 31. b3 Ne3 32. Kf2 Ng4+ 33. Kg1
Rd2 34. Nc3 Rc2 35. Na4 1/2-1/2

[Event "30.Alpenpokal Obersdorf op"]
[Site "Tiefenbach (08.01.-18.01)"]
[Date "2004.??.??"]
[Round "5.28"]
[White "Marek, Herbert"]
[Black "Auf'm Wasser, Guenter"]
[Result "1/2-1/2"]
[WhiteElo "1651"]
[BlackElo "1614"]
[PlyCount "64"]
[EventDate "2004.01.??"]
[Source "ChessOrg"]
[SourceDate "2005.04.24"]

1. d4 f5 2. c4 Nf6 3. Nc3 e6 4. e3 c6 5. Bd3 d5 6. Nf3 Bd6 7. O-O O-O 8. Qc2
Ne4 9. Ne5 Nd7 10. Nxd7 Bxd7 11. f3 Bxh2+ 12. Kxh2 Qh4+ 13. Kg1 Ng3 14. Kf2 Rf6
15. Rg1 Rh6 16. Ke1 Ne4+ 17. Kd1 Nf2+ 18. Ke2 Nh1 19. Kd1 Nf2+ 20. Kd2 Rg6 21.
Ne2 Nxd3 22. Qxd3 Qf2 23. Kc3 Rxg2 24. Rxg2 Qxg2 25. f4 dxc4 26. Qxc4 b5 27.
Qd3 a5 28. Bd2 Qd5 29. Kc2 c5 30. Nc3 c4 31. Nxd5 cxd3+ 32. Kxd3 exd5 1/2-1/2

[Event "30.Alpenpokal Obersdorf op"]
[Site "Tiefenbach (08.01.-18.01)"]
[Date "2004.??.??"]
[Round "5.29"]
[White "Drewitz, Friedel"]
[Black "Schulz, Hermann[35Ülzen]"]
[Result "1-0"]
[WhiteElo "1749"]
[BlackElo "1611"]
[PlyCount "61"]
[EventDate "2004.01.??"]
[Source "ChessOrg"]
[SourceDate "2005.04.24"]

1. e4 c5 2. Nf3 d6 3. d4 cxd4 4. Nxd4 Nf6 5. Nc3 a6 6. Be2 g6 7. Be3 Bg7 8. Qd2
Nc6 9. f3 Qc7 10. a3 Bd7 11. O-O-O O-O 12. Nxc6 Bxc6 13. Bh6 Rac8 14. Bxg7 Kxg7
15. Bd3 b5 16. g4 Qb6 17. h4 b4 18. axb4 Qxb4 19. Nb1 Qa4 20. h5 gxh5 21. g5
Nd7 22. Rxh5 Rh8 23. f4 Bxe4 24. Bxe4 Qxe4 25. Nc3 Qf5 26. Nd5 Nc5 27. Qe3 e5
28. fxe5 Qxe5 29. Qf3 Na4 30. c3 Rc4 31. g6 1-0

[Event "30.Alpenpokal Obersdorf op"]
[Site "Tiefenbach (08.01.-18.01)"]
[Date "2004.??.??"]
[Round "5.30"]
[White "Schenfeld, Waldemar"]
[Black "Luebbers, Doris,Dr."]
[Result "1/2-1/2"]
[WhiteElo "1538"]
[BlackElo "1403"]
[PlyCount "76"]
[EventDate "2004.01.??"]
[Source "ChessOrg"]
[SourceDate "2005.04.24"]

1. e4 e5 2. Nf3 Nc6 3. Bb5 Nf6 4. d3 Be7 5. Nc3 d6 6. Bg5 Bd7 7. O-O O-O 8. Re1
a6 9. Ba4 b5 10. Bb3 Na5 11. Ne2 Nxb3 12. axb3 c5 13. c4 Re8 14. Ng3 Ng4 15.
Bd2 b4 16. Qc1 a5 17. Bg5 Bxg5 18. Qxg5 Qxg5 19. Nxg5 f6 20. Nf3 Nh6 21. h3 Nf7
22. Nf1 Nd8 23. Ne3 Nc6 24. Nd5 Ra7 25. Ra2 Rb8 26. Rea1 Rbb7 27. g4 Kf7 28.
Kg2 Ra6 29. Kg3 Raa7 30. h4 Ne7 31. Nxe7 Kxe7 32. Ne1 Kf7 33. f4 g6 34. f5 g5
35. Nf3 h6 36. Ne1 Ke8 37. Nc2 Kf8 38. Ne3 Bc6 1/2-1/2

[Event "30.Alpenpokal Obersdorf op"]
[Site "Tiefenbach (08.01.-18.01)"]
[Date "2004.??.??"]
[Round "5.31"]
[White "Tauscher, Max"]
[Black "Weissenfels, Gerd"]
[Result "1-0"]
[WhiteElo "1604"]
[BlackElo "1275"]
[PlyCount "60"]
[EventDate "2004.01.??"]
[Source "ChessOrg"]
[SourceDate "2005.04.24"]

1. e4 e5 2. Nf3 d6 3. Bc4 Nf6 4. Nc3 Bg4 5. h3 Bxf3 6. Qxf3 Nbd7 7. d3 g6 8.
O-O Bg7 9. Be3 O-O 10. Rad1 c6 11. Bg5 b5 12. Bb3 a5 13. a4 b4 14. Ne2 c5 15.
Ba2 h6 16. Bh4 Kh7 17. Qe3 Qe8 18. f4 exf4 19. Qf3 g5 20. Be1 Ne5 21. Qf2 Qxa4
22. Nc1 Qd7 23. Qe2 f3 24. gxf3 Qxh3 25. Qg2 Qxg2+ 26. Kxg2 Nh5 27. c3 Nf4+ 28.
Kf2 f5 29. d4 Neg6 30. exf5 Rxf5 {und im 43.Zug} 1-0

[Event "30.Alpenpokal Obersdorf op"]
[Site "Tiefenbach (08.01.-18.01)"]
[Date "2004.??.??"]
[Round "6.1"]
[White "Boeven, Manfred"]
[Black "Jolowicz, Matias,Dr."]
[Result "0-1"]
[WhiteElo "2020"]
[BlackElo "2133"]
[PlyCount "26"]
[EventDate "2004.01.??"]
[Source "ChessOrg"]
[SourceDate "2005.04.24"]

1. d4 Nf6 2. Nc3 d5 3. Bg5 Nbd7 4. Nf3 g6 5. e3 Bg7 6. Bd3 c6 7. O-O O-O 8. h3
Re8 9. Bf4 Nf8 10. Qd2 Bf5 11. Rfe1 Ne4 12. Bxe4 dxe4 13. Ne5 g5 0-1

[Event "30.Alpenpokal Obersdorf op"]
[Site "Tiefenbach (08.01.-18.01)"]
[Date "2004.??.??"]
[Round "6.2"]
[White "Poffers, Adrian"]
[Black "Merkel, Gerd"]
[Result "1-0"]
[WhiteElo "2289"]
[BlackElo "2095"]
[PlyCount "49"]
[EventDate "2004.01.??"]
[Source "ChessOrg"]
[SourceDate "2005.04.24"]

1. c4 Nf6 2. g3 g6 3. Bg2 Bg7 4. Nc3 O-O 5. d3 d6 6. Bg5 h6 7. Bd2 e5 8. e4 Nc6
9. Nge2 Nh5 10. O-O f5 11. exf5 Bxf5 12. Ne4 g5 13. b4 Bg6 14. b5 Nd4 15. Nxd4
exd4 16. Qb3 Kh8 17. a4 Rb8 18. Qa3 Be5 19. Rae1 b6 20. Qc1 Nf6 21. f4 Nxe4 22.
Bxe4 Bxe4 23. Rxe4 Bf6 24. fxg5 hxg5 25. Bxg5 1-0

[Event "30.Alpenpokal Obersdorf op"]
[Site "Tiefenbach (08.01.-18.01)"]
[Date "2004.??.??"]
[Round "6.3"]
[White "Wempe, Juergen"]
[Black "Schulz, Wolfgang[32Hamb]"]
[Result "0-1"]
[WhiteElo "2113"]
[BlackElo "2111"]
[PlyCount "102"]
[EventDate "2004.01.??"]
[Source "ChessOrg"]
[SourceDate "2005.04.24"]

1. e4 d6 2. d4 Nf6 3. Bd3 e5 4. c3 Be7 5. Nf3 Nc6 6. h3 O-O 7. a3 Re8 8. O-O h6
9. b4 a6 10. Bc2 Nh7 11. Re1 Bf6 12. Qd3 Ne7 13. Nbd2 Ng6 14. Nc4 Ng5 15. Nxg5
hxg5 16. Be3 g4 17. hxg4 Bxg4 18. f3 Bd7 19. g3 Bg5 20. Kf2 Bb5 21. a4 Bxe3+
22. Rxe3 Nf4 23. Qf1 exd4 24. axb5 dxe3+ 25. Nxe3 Nh5 26. Qh3 g6 27. Rh1 Kg7
28. g4 Rh8 29. gxh5 Rxh5 30. Qg2 Rxh1 31. Qxh1 axb5 32. f4 Ra2 33. Qb1 Qh4+ 34.
Kf3 Qh3+ 35. Ke2 Qh2+ 36. Kd3 Ra8 37. Qf1 Rh8 38. Qf3 c5 39. bxc5 dxc5 40. e5
c4+ 41. Kd4 Qd2+ 42. Kc5 Rc8+ 43. Kb4 Qc1 44. Qxb7 Qb2+ 45. Ka5 Qa3+ 46. Kb6
Qc5+ 47. Ka6 Rc6+ 48. Ka5 Rc7 49. Nf5+ gxf5 50. Qg2+ Kf8 51. Qa8+ Ke7 0-1

[Event "30.Alpenpokal Obersdorf op"]
[Site "Tiefenbach (08.01.-18.01)"]
[Date "2004.??.??"]
[Round "6.4"]
[White "Wunderer, Eckart"]
[Black "Meyer, Gerd[61Huckarde]"]
[Result "1-0"]
[WhiteElo "1973"]
[BlackElo "1982"]
[PlyCount "101"]
[EventDate "2004.01.??"]
[Source "ChessOrg"]
[SourceDate "2005.04.24"]

1. e4 e5 2. Nf3 Nc6 3. Bb5 f5 4. Nc3 fxe4 5. Nxe4 d5 6. Nxe5 dxe4 7. Nxc6 Qg5
8. Qe2 Nf6 9. f4 Qh4+ 10. g3 Qh3 11. Ne5+ c6 12. Bc4 Be6 13. Bxe6 Qxe6 14. Qc4
Qxc4 15. Nxc4 O-O-O 16. Ne5 Re8 17. O-O Bc5+ 18. Kg2 Rhf8 19. c3 Bd6 20. Nc4
Bc7 21. Ne3 Nh5 22. b3 Rd8 23. a4 Rf7 24. b4 a5 25. bxa5 Bxa5 26. Nc4 Bc7 27.
a5 Nf6 28. Ba3 Kb8 29. Bc5 Rd5 30. Bd4 c5 31. Be5 Rfd7 32. Bxc7+ Kxc7 33. Ra2
e3 34. dxe3 Ne4 35. Ra3 Nd2 36. Nxd2 Rxd2+ 37. Rf2 Rxf2+ 38. Kxf2 Rd2+ 39. Kf3
Rxh2 40. e4 Rh6 41. e5 Ra6 42. Ke4 Kc6 43. f5 b6 44. g4 bxa5 45. g5 g6 46. f6
Ra8 47. e6 Kd6 48. e7 a4 49. c4 Kd7 50. Kd5 Ra5 51. Re3 1-0

[Event "30.Alpenpokal Obersdorf op"]
[Site "Tiefenbach (08.01.-18.01)"]
[Date "2004.??.??"]
[Round "6.5"]
[White "Zuri, Amin-Barin,Dr."]
[Black "Emde, Rainer"]
[Result "0-1"]
[WhiteElo "1919"]
[BlackElo "1995"]
[PlyCount "54"]
[EventDate "2004.01.??"]
[Source "ChessOrg"]
[SourceDate "2005.04.24"]

1. d4 d5 2. c4 e6 3. Nf3 c5 4. e3 Nf6 5. Nc3 Nc6 6. Be2 a6 7. a3 dxc4 8. Bxc4
b5 9. Be2 cxd4 10. exd4 Be7 11. O-O O-O 12. h3 Bb7 13. Be3 Rc8 14. Rc1 Nd5 15.
Nxd5 Qxd5 16. Ne1 Rfd8 17. Bf3 Qd7 18. Nc2 Bf6 19. b4 h6 20. Qd2 Ne7 21. Bxb7
Qxb7 22. Rfd1 Qe4 23. f3 Qb7 24. Qf2 Nf5 25. g4 Nxe3 26. Qxe3 Rc4 27. Kf2 Rdc8
0-1

[Event "30.Alpenpokal Obersdorf op"]
[Site "Tiefenbach (08.01.-18.01)"]
[Date "2004.??.??"]
[Round "6.6"]
[White "Erhart, Uwe"]
[Black "Schlierkamp, Ferdinand"]
[Result "1/2-1/2"]
[WhiteElo "1993"]
[BlackElo "2070"]
[PlyCount "24"]
[EventDate "2004.01.??"]
[Source "ChessOrg"]
[SourceDate "2005.04.24"]

1. e4 c5 2. Nf3 d6 3. Bb5+ Nc6 4. O-O Bd7 5. Re1 e6 6. d4 cxd4 7. Nxd4 Nf6 8.
Nxc6 Bxc6 9. Bxc6+ bxc6 10. c4 Be7 11. Nc3 O-O 12. Bg5 h6 1/2-1/2

[Event "30.Alpenpokal Obersdorf op"]
[Site "Tiefenbach (08.01.-18.01)"]
[Date "2004.??.??"]
[Round "6.7"]
[White "Siegmund, Rainer"]
[Black "Woell, Josef"]
[Result "1/2-1/2"]
[WhiteElo "1960"]
[BlackElo "1878"]
[PlyCount "29"]
[EventDate "2004.01.??"]
[Source "ChessOrg"]
[SourceDate "2005.04.24"]

1. d4 d5 2. c4 c6 3. Nf3 Nf6 4. Nc3 e6 5. e3 Nbd7 6. Qc2 Bd6 7. Be2 O-O 8. O-O
Re8 9. Rd1 Qe7 10. b3 dxc4 11. bxc4 b6 12. e4 e5 13. d5 Bb7 14. Bg5 Rac8 15.
dxc6 1/2-1/2

[Event "30.Alpenpokal Obersdorf op"]
[Site "Tiefenbach (08.01.-18.01)"]
[Date "2004.??.??"]
[Round "6.8"]
[White "Hiller, Joachim[42Deidesh]"]
[Black "Maugg, Ludwig"]
[Result "0-1"]
[WhiteElo "1880"]
[BlackElo "2028"]
[PlyCount "114"]
[EventDate "2004.01.??"]
[Source "ChessOrg"]
[SourceDate "2005.04.24"]

1. d4 Nf6 2. Nf3 g6 3. Bf4 Bg7 4. h3 d6 5. Nbd2 O-O 6. e4 c5 7. c3 Nc6 8. d5 e5
9. Be3 Ne7 10. Bd3 a6 11. a4 b6 12. Nc4 Rb8 13. Qe2 b5 14. axb5 axb5 15. Ncd2
Bd7 16. b4 cxb4 17. cxb4 Nfxd5 18. exd5 e4 19. Ra6 exd3 20. Qxd3 Bf5 21. Qb3
Ra8 22. Qa2 Nxd5 23. Qa3 Nxb4 24. Rxa8 Nc2+ 25. Ke2 Qxa8 26. Qxa8 Rxa8 27. g4
Nxe3 28. fxe3 Bd7 29. Rc1 Rc8 30. Rxc8+ Bxc8 31. Ne4 d5 32. Nd6 Bd7 33. Kd3 Kf8
34. Nd4 b4 35. Nb7 Ke7 36. Nc5 Bc8 37. Nb5 h5 38. gxh5 gxh5 39. Nd4 Kd6 40.
Nb7+ Bxb7 41. Nf5+ Ke5 42. Nxg7 h4 43. Nh5 Bc8 44. Nf4 d4 45. Ng2 dxe3 46. Kxe3
Bxh3 47. Nxh4 b3 48. Nf3+ Kd5 49. Kd3 Bf5+ 50. Kc3 Bc2 51. Nd4 Ke4 52. Ne2 f5
53. Ng3+ Kf4 54. Nf1 Kf3 55. Kd2 Kf2 56. Ne3 f4 57. Nf5 Bxf5 0-1

[Event "30.Alpenpokal Obersdorf op"]
[Site "Tiefenbach (08.01.-18.01)"]
[Date "2004.??.??"]
[Round "6.9"]
[White "Wahl, Frithjof,Dr."]
[Black "Pragua, Christoph"]
[Result "0-1"]
[WhiteElo "2009"]
[BlackElo "2059"]
[PlyCount "66"]
[EventDate "2004.01.??"]
[Source "ChessOrg"]
[SourceDate "2005.04.24"]

1. e4 e5 2. Nf3 Nc6 3. Bb5 a6 4. Ba4 Nf6 5. d3 b5 6. Bb3 Bc5 7. Bg5 h6 8. Bh4
d6 9. Bd5 Bd7 10. Nc3 g5 11. Bg3 b4 12. Na4 Ba7 13. Bb3 Kf8 14. c3 Qe8 15. cxb4
Nxb4 16. Nc3 Rb8 17. Bc4 Nc6 18. b3 a5 19. h3 Bc5 20. a3 Kg7 21. Qd2 Kg6 22.
O-O h5 23. Kh2 g4 24. Ng1 Nd4 25. Qd1 c6 26. Nge2 Be6 27. Na4 Ba7 28. Rb1 Kg7
29. Nxd4 Bxd4 30. Bxe6 Qxe6 31. Qc2 Rhc8 32. f3 Rb5 33. Nc3 Rc5 0-1

[Event "30.Alpenpokal Obersdorf op"]
[Site "Tiefenbach (08.01.-18.01)"]
[Date "2004.??.??"]
[Round "6.10"]
[White "Poell, Guenter"]
[Black "Fehres, Werner"]
[Result "1/2-1/2"]
[WhiteElo "1765"]
[BlackElo "1791"]
[PlyCount "33"]
[EventDate "2004.01.??"]
[Source "ChessOrg"]
[SourceDate "2005.04.24"]

1. f4 d5 2. Nf3 e6 3. d4 Nf6 4. e3 Bd6 5. Bd3 Nc6 6. c3 a6 7. b4 Bd7 8. Bb2 b5
9. a3 Ng4 10. Qe2 f5 11. h3 Nf6 12. Ne5 O-O 13. Nd2 Qe7 14. Nxd7 Qxd7 15. g4
Ne4 16. Bxe4 fxe4 17. O-O-O 1/2-1/2

[Event "30.Alpenpokal Obersdorf op"]
[Site "Tiefenbach (08.01.-18.01)"]
[Date "2004.??.??"]
[Round "6.11"]
[White "Froehlich, Rainer[37Sonth]"]
[Black "Seidel, Juergen"]
[Result "1-0"]
[WhiteElo "1980"]
[BlackElo "1898"]
[PlyCount "56"]
[EventDate "2004.01.??"]
[Source "ChessOrg"]
[SourceDate "2005.04.24"]

1. c4 e6 2. Nf3 d5 3. e3 Nf6 4. a3 Bd6 5. d4 c6 6. Nc3 Nbd7 7. cxd5 exd5 8. Bd3
O-O 9. O-O Qe7 10. Qc2 Re8 11. Re1 Ne4 12. Bxe4 dxe4 13. Nd2 Nf6 14. Nf1 Bf5
15. Ne2 h5 16. Bd2 g6 17. Qb3 h4 18. Bb4 Bxb4 19. axb4 a6 20. Rec1 Be6 21. Qa3
Rad8 22. Nc3 h3 23. Ng3 Bc8 24. Qa5 Kg7 25. Qg5 Qe6 26. Ra5 hxg2 27. Nf5+ Qxf5
28. Rxf5 Bxf5 {und im 43,Zug} 1-0

[Event "30.Alpenpokal Obersdorf op"]
[Site "Tiefenbach (08.01.-18.01)"]
[Date "2004.??.??"]
[Round "6.12"]
[White "Spurga, Josef"]
[Black "Angerer, Martin"]
[Result "1/2-1/2"]
[WhiteElo "1880"]
[BlackElo "1930"]
[PlyCount "69"]
[EventDate "2004.01.??"]
[Source "ChessOrg"]
[SourceDate "2005.04.24"]

1. e4 e5 2. Nf3 Nc6 3. Bb5 a6 4. Ba4 d6 5. c3 Bd7 6. O-O Nf6 7. Re1 Be7 8. d4
b5 9. Bb3 O-O 10. h3 h6 11. Nbd2 Re8 12. Nf1 Bf8 13. Ng3 Na5 14. Bc2 g6 15. b3
c5 16. dxc5 dxc5 17. Be3 Qc7 18. Qe2 Nc6 19. Red1 Nd8 20. Nh2 Ne6 21. f3 Nf4
22. Qf1 Rac8 23. Ng4 Nh7 24. Ne2 Bg7 25. Rac1 Be6 26. Nf2 Nxe2+ 27. Qxe2 c4 28.
b4 h5 29. Rd2 Rcd8 30. Rcd1 Bf6 31. Bc5 Rxd2 32. Rxd2 Rd8 33. Qd1 Rxd2 34. Qxd2
Qd7 35. Qxd7 1/2-1/2

[Event "30.Alpenpokal Obersdorf op"]
[Site "Tiefenbach (08.01.-18.01)"]
[Date "2004.??.??"]
[Round "6.13"]
[White "Besler, Ralf"]
[Black "Koops, Randolf"]
[Result "0-1"]
[WhiteElo "1808"]
[BlackElo "2050"]
[PlyCount "48"]
[EventDate "2004.01.??"]
[Source "ChessOrg"]
[SourceDate "2005.04.24"]

1. Nf3 Nc6 2. d4 d6 3. c4 Bg4 4. Nc3 Nf6 5. e4 e5 6. d5 Ne7 7. Be2 h6 8. Be3
Ng6 9. h3 Bd7 10. g3 Be7 11. Qd2 a6 12. Ng1 b5 13. cxb5 axb5 14. Bxb5 Bxb5 15.
Nxb5 Nxe4 16. Qc2 Nc5 17. Bxc5 dxc5 18. Nc3 O-O 19. Nge2 f5 20. O-O-O Ra6 21.
Kb1 Qd7 22. Nc1 e4 23. Nxe4 fxe4 24. d6 Rxd6 0-1

[Event "30.Alpenpokal Obersdorf op"]
[Site "Tiefenbach (08.01.-18.01)"]
[Date "2004.??.??"]
[Round "6.14"]
[White "Fischer, Paul[37Hiltrup]"]
[Black "Reinke, Kurt[39Benrath]"]
[Result "1/2-1/2"]
[WhiteElo "1740"]
[BlackElo "1812"]
[PlyCount "81"]
[EventDate "2004.01.??"]
[Source "ChessOrg"]
[SourceDate "2005.04.24"]

1. Nc3 d5 2. e4 d4 3. Nce2 c5 4. Ng3 Nc6 5. Nf3 e5 6. Bc4 Be7 7. d3 Nf6 8. O-O
O-O 9. h3 Qc7 10. Ng5 Na5 11. Bb3 b5 12. f4 Nxb3 13. axb3 exf4 14. Bxf4 Bd6 15.
Bxd6 Qxd6 16. Nh5 Nxh5 17. Qxh5 Qg6 18. Qxg6 hxg6 19. c3 dxc3 20. bxc3 f6 21.
Nf3 Be6 22. c4 a6 23. d4 cxd4 24. Nxd4 Bf7 25. cxb5 axb5 26. Nxb5 Bxb3 27. Rxa8
Rxa8 28. Re1 Re8 29. Kf2 Bc2 30. Nc3 Re5 31. Re2 Bd3 32. Re3 Bc4 33. h4 Ba6 34.
g4 Bb7 35. Kg3 Bc6 36. Kf4 Kf7 37. g5 Rc5 38. gxf6 gxf6 39. Ne2 Rc4 40. Nc3 Ke6
41. Rg3 1/2-1/2